Central Library OPAC University of Rajshahi

Role of fisheries in rural development / (Record no. 54898)

MARC details
000 -LEADER
fixed length control field 00854nam a2200265 a 4500
001 - CONTROL NUMBER
control field 54898
003 - CONTROL NUMBER IDENTIFIER
rucl marc code BD-RjUL
005 - DATE AND TIME OF LATEST TRANSACTION
control field 20211209080201.0
008 - FIXED-LENGTH DATA ELEMENTS--GENERAL INFORMATION
fixed length control field 940128s1994 ii ab b 001 0 eng
020 ## - INTERNATIONAL STANDARD BOOK NUMBER
International Standard Book Number 817035126X :
Terms of availability Rs220.00
035 ## - SYSTEM CONTROL NUMBER
System control number (BD-RjUL)55020
040 ## - CATALOGING SOURCE
Original cataloging agency DLC
Transcribing agency DLC
Language of cataloging eng
Modifying agency BD-RjUL
041 ## - LANGUAGE CODE
Language code of text/sound track or separate title eng
082 ## - DEWEY DECIMAL CLASSIFICATION NUMBER
Edition number 23
Classification number 338.37270954
Author mark and year ROL 1994
245 00 - TITLE STATEMENT
Title Role of fisheries in rural development /
Statement of responsibility, etc. edited by S. Giriappa.
260 ## - PUBLICATION, DISTRIBUTION, ETC. (IMPRINT)
Place of publication, distribution, etc. Delhi :
Name of publisher, distributor, etc. Daya Pub. House,
Date of publication, distribution, etc. 1994.
300 ## - PHYSICAL DESCRIPTION
Pagination xi, 178 p. :
Illustrations ill., ;
Size 22 cm.
504 ## - BIBLIOGRAPHY, ETC. NOTE
Bibliography, etc Includes bibliographical references and index.
520 ## - SUMMARY, ETC.
Summary, etc. With references to India; contributed papers.
650 #0 - SUBJECT ADDED ENTRY--TOPICAL TERM
Topical term or geographic name as entry element Fisheries
General subdivision Economic aspects
Geographic subdivision India.
9 (RLIN) 163649
Topical term or geographic name as entry element Rural development
Geographic subdivision India.
9 (RLIN) 163650
700 1# - ADDED ENTRY--PERSONAL NAME
Personal name Giriappa, S.
942 ## - ADDED ENTRY ELEMENTS (KOHA)
Source of classification or shelving scheme Dewey Decimal Classification
Koha item type Books
Holdings
Lost status Source of classification or shelving scheme Damaged status Not for loan Collection code Permanent Location Current Location Shelving location Date acquired Source of acquisition Cost, normal purchase price Total Checkouts Full call number Date last seen Copy number Koha item type
  Dewey Decimal Classification     Non-fiction Central Library, University of Rajshahi Central Library, University of Rajshahi   08/12/2005 Dhaka paragon Enterprise 220.00   338.37270954 ROL 1994 12/11/2016 C-2 Books
  Dewey Decimal Classification   Not For Loan Non-fiction Central Library, University of Rajshahi Central Library, University of Rajshahi Reading Room 08/12/2005 Dhaka, Paragon Enterprises Ltd 220.00   338.37270954 ROL 1994 30/03/2017 C-1 Books
  Dewey Decimal Classification     Non-fiction Central Library, University of Rajshahi Central Library, University of Rajshahi   08/12/2005 Dhaka, Paragon Enterprises ltd. 220.00   338.37270954 ROL 1994 06/06/2017 C-3 Books
  Dewey Decimal Classification     Non-fiction Central Library, University of Rajshahi Central Library, University of Rajshahi   08/12/2005 Dhaka, Paragon Enterprises ltd. 220.00   338.37270954 ROL 1994 06/06/2017 C-4 Books
  Dewey Decimal Classification     Non-fiction Central Library, University of Rajshahi Central Library, University of Rajshahi   08/12/2005 Dhaka, Paragon Enterprises ltd. 220.00   338.37270954 ROL 1994 06/06/2017 C-5 Books
  Dewey Decimal Classification     Non-fiction Central Library, University of Rajshahi Central Library, University of Rajshahi   08/12/2005 Dhaka, Paragon Enterprises ltd. 220.00   338.37270954 ROL 1994 06/06/2017 C-6 Books
  Dewey Decimal Classification     Non-fiction Central Library, University of Rajshahi Central Library, University of Rajshahi   08/12/2005 Dhaka, Paragon Enterprises ltd. 220.00   338.37270954 ROL 1994 06/06/2017 C-7 Books
  Dewey Decimal Classification     Non-fiction Central Library, University of Rajshahi Central Library, University of Rajshahi   08/12/2005 Dhaka, Paragon Enterprises ltd. 220.00   338.37270954 ROL 1994 06/06/2017 C-8 Books
  Dewey Decimal Classification     Non-fiction Central Library, University of Rajshahi Central Library, University of Rajshahi   08/12/2005 Dhaka, Paragon Enterprises ltd. 220.00   338.37270954 ROL 1994 06/06/2017 C-9 Books
  Dewey Decimal Classification     Non-fiction Central Library, University of Rajshahi Central Library, University of Rajshahi   08/12/2005 Dhaka, Paragon Enterprises ltd. 220.00   338.37270954 ROL 1994 06/06/2017 C-10 Books